00726nam a2200217 i 450000100060000000300090000600500170001500700030003200800410003510000310007624500880010726000390019530000440023449000150027850400320029365100620032565100550038770000190044283000150046185200320047658218ES-MaACL20260209170113.0t|031021s1966 sp ||||1| spa d1 aDumont, René,d1904-200113aEl Africa negra ha empezado mal / cRené Dumont ; [traducción de Carlos Comas]. aBarcelona : bSeix Barral, c1966. a315 p., [1] h. pleg. de map. ; c22 cm.1 aTestimonio aBibliografía: p. 305-307. 7aÁfrica subsahariana-xSituación económica-y1960-2 4aÁfrica subsahariana-xSituación social-y1960-1 aComas, Carlos.0 aTestimonio aES-MaACLjC-29702 bR.60083